书目信息 |
| 题名: |
动画民族意识与地域文化
|
|
| 作者: | 寇强 著 | |
| 分册: | ||
| 出版信息: | 北京 光明日报出版社 2018重印 |
|
| 页数: | 210页 | |
| 开本: | 24cm | |
| 丛书名: | ||
| 单 册: | ||
| 中图分类: | J218.7 | |
| 科图分类: | ||
| 主题词: | 动画--Dong Hua--绘画理论 | |
| 电子资源: | ||
| ISBN: | 978-7-5194-1177-0 | |
| 000 | 01023nam0 2200277 45 | |
| 001 | 012001009703 | |
| 005 | 20140103131733.0 | |
| 010 | @a978-7-5194-1177-0@dCNY42.00 | |
| 099 | @aCAL 012016100594 | |
| 100 | @a20160706d2016 em y0chiy50 ea | |
| 101 | 0 | @achi |
| 102 | @aCN@b110000 | |
| 105 | @ay a 000yy | |
| 106 | @ar | |
| 200 | 1 | @a动画民族意识与地域文化@ADong Hua Min Zu Yi Shi Yu Di Yu Wen Hua@f寇强著 |
| 210 | @a北京@c光明日报出版社@d2018重印 | |
| 215 | @a210页@d24cm | |
| 300 | @a重庆邮电大学出版基金资助 | |
| 314 | @a寇强,重庆邮电大学传媒艺术学院副教授。 | |
| 320 | @a有书目 (第204-210页) | |
| 330 | @a本书以具有代表性的国家和地区优秀动画作品为例证,研究论述其造型样式和美学风格对于地域、民族文化精神和核心价值理念独到的创意承载和传播策略。以期为推动我国影视动画原创和健康发展,民族文化的传承与散播提供较为明晰的理论参照。 | |
| 606 | 0 | @a动画@ADong Hua@x绘画理论 |
| 690 | @aJ218.7@v5 | |
| 701 | 0 | @a寇强@AKou Qiang@4著 |
| 801 | 2 | @aCN@b上海新华@c20191020 |
| 905 | @b1189187-9@dJ218.7@e1103@f3 | |
| 动画民族意识与地域文化/寇强著.-北京:光明日报出版社,2018重印 |
| 210页;24cm |
| 重庆邮电大学出版基金资助 |
| ISBN 978-7-5194-1177-0:CNY42.00 |
| 本书以具有代表性的国家和地区优秀动画作品为例证,研究论述其造型样式和美学风格对于地域、民族文化精神和核心价值理念独到的创意承载和传播策略。以期为推动我国影视动画原创和健康发展,民族文化的传承与散播提供较为明晰的理论参照。 |
| ● |
| 相关链接 |
|
|
|
|
正题名:动画民族意识与地域文化
索取号:J218.7/1103
 
预约/预借
| 序号 | 登录号 | 条形码 | 馆藏地/架位号 | 状态 | 备注 |
| 1 | 1189187 | 211891871 | 第一样本阅览室/ [索取号:J218.7/1103] | 在馆 | |
| 2 | 1189188 | 211891880 | 第一借阅区/ [索取号:J218.7/1103] | 在馆 | |
| 3 | 1189189 | 211891899 | 第一借阅区/ [索取号:J218.7/1103] | 在馆 |